| 000 | 00414nam a2200169Ia 4500 | ||
|---|---|---|---|
| 008 | 230524s9999 xx 000 0 und d | ||
| 082 |
_a510.3 _bJAI |
||
| 100 | _aPawan K.Jain | ||
| 245 | 0 | _aSequence Spaces and Applications | |
| 250 | _a1ST | ||
| 260 |
_aNEW DELHI _bNarosa _c1995 |
||
| 300 | _aX;148 | ||
| 500 | _aQuantity Number: 2 | ||
| 650 | _aMathematics | ||
| 700 | _a Eberhard Malkowsky | ||
| 942 | _cBK | ||
| 999 |
_c23779 _d23779 |
||